| 000 | 00760nam a2200205 a 4500 | ||
|---|---|---|---|
| 001 | 000016487 | ||
| 005 | 20240715140508.0 | ||
| 008 | 100305s2002 dr 001 0 spa d | ||
| 020 | _a9993424080 | ||
| 040 |
_aDO-SdBNP _bspa _cBNPHU |
||
| 082 |
_axxxx _bE244d |
||
| 245 | 1 | 0 |
_aEducación en derechos humanos, ciudadanía y formación crítica de maestros y maestras / _cedición Raymundo González. |
| 260 |
_aSanto Domingo : _bCentro Cultural Proveda, _c2002. _fMayobanet |
||
| 300 |
_a218 p. : _bil., gráf. ; _c24 cm. |
||
| 490 | 1 |
_aAnuarios pedagógicos _vno. 5 |
|
| 500 | _aIncluye referencias bibliográficas y notas al pie de las páginas | ||
| 700 |
_aGonzález, Raymundo _eed. _96373 |
||
| 830 | 0 |
_aAnuarios pedagógicos _vno. 2 _936714 |
|
| 049 | _aBNPD | ||
| 999 |
_c16022 _d16022 |
||